Catalogue de la Bibliothèque de l'ENSA

Soil micromorphology (notice nᵒ 5735)

détails MARC
000 -LEADER
fixed length control field 00882nam a2200181Ia 4500
008 - FIXED-LENGTH DATA ELEMENTS--GENERAL INFORMATION
fixed length control field 160105s9999 xx 000 0 und d
041 ## - LANGUAGE CODE
Language code of text/sound track or separate title eng
110 ## - MAIN ENTRY--CORPORATE NAME
Corporate name or jurisdiction name as entry element International Society of Soil Science
245 ## - TITLE STATEMENT
Title Soil micromorphology
260 ## - PUBLICATION, DISTRIBUTION, ETC.
Name of publisher, distributor, etc Elsevier
260 ## - PUBLICATION, DISTRIBUTION, ETC.
Date of publication, distribution, etc 1994
500 ## - GENERAL NOTE
General note Cote d'origine affectée par la BC : BC_646 68 devient SS_631.47
653 ## - INDEX TERM--UNCONTROLLED
Uncontrolled term ARCHEOLOGIE
654 ## - SUBJECT ADDED ENTRY--FACETED TOPICAL TERM
General subdivision TRAIT MICROMORPHOLOGIQUE DU SOL/GESTION/ZONE TROPICALE/PEDOGENESE/ROCHE/SOL HYDROMORPHE/TECHNIQUE ANALYTIQUE/ELEMENT CHIMIQUE/TAXONOMIE/PALEOSOL/GENETIQUE/ENVIRONNEMENT/SCIENCES DU SOL/BIOTE/STRUCTURE DU SOL/PROPRIETE PHYSICOCHIMIQUE DU SOL/CROUTE DU SOL/SOL STRATIFIE/ETUDE DE CAS/EUROPE/AFRIQUE/ASIE/AMERIQUE/AUSTRALIE
942 ## - ADDED ENTRY ELEMENTS (KOHA)
Koha item type Actes de Congrès
994 ## -
-- 105789
Exemplaires
Withdrawn status Lost status Damaged status Use restrictions Not for loan Home library Current library Cost, normal purchase price Shelving control number Total Checkouts Total Renewals Total Holds Full call number Barcode Cost, replacement price Koha item type
          Département de Sciences du Sol Département de Sciences du Sol 0.00         SS_631.472 SS_631.472 0.00 Actes de Congrès

Adresse: Ecole Nationale Supérieure Agronomique Hassen Badi - El Harrach Alger, Algérie

Tél +213 (0) 23 82 85 07+213 (0) 23 82 85 12 Fax +213 23 82 85 03/04 Courriel: bibliotheque@edu.ensa.dz